|
|
|
|
| LEADER |
00779nam a2200205 a 4500 |
| 008 |
100210s2005 bg a l 001 0 mul d |
| 040 |
|
|
|a BD-DhAAL
|c BD-DhAAL
|
| 082 |
0 |
0 |
|a 346.549201/5
|2 21
|
| 245 |
1 |
0 |
|a The hand book of Muslim family laws.
|
| 250 |
|
|
|a 6th ed.
|
| 260 |
|
|
|a Dhaka :
|b Dhaka Law Reports,
|c 2005.
|
| 300 |
|
|
|a xix, 237 p. :
|b ill., forms ;
|c 25 cm.
|
| 504 |
|
|
|a Includes bibliographical references.
|
| 541 |
1 |
|
|e 00014934
|
| 710 |
2 |
|
|a Dhaka Law Reports.
|
| 650 |
|
0 |
|a Domestic relations
|z Bangladesh.
|
| 852 |
4 |
|
|a Ayesha Abed Library
|j General shelf
|
| 942 |
0 |
0 |
|0 1
|
| 999 |
|
|
|c 7441
|d 7441
|
| 952 |
|
|
|0 0
|1 0
|2 ddc
|4 0
|6 346_549201500000000_HAN_2005
|7 0
|9 7979
|a BRACUL
|b BRACUL
|c GEN
|d 2010-02-10
|l 23
|m 167
|o 346.5492015 HAN
|p 3010014934
|q 2026-05-18
|r 2026-02-01
|s 2026-02-01
|t 1
|w 2010-02-10
|y BK
|